000 01843nam a2200421 c 4500
003 BLK
005 20210823125757.0
008 180409b bul|||||r ||||||| ||bul||
010 _aKNG00140489000
020 _a978-954-28-0725-4
_bиздат.: Сиела Норма - (грешен)
040 _aBLK
041 _aBUL
_cBUL
072 7 _2bullib
_aН35
_xОбществено управление. Военни науки Н
080 _aОсновни задачи на общественото управление
_b351
_x:347.6(497.2)(094.9)
_z351:347.6(497.2)(094.9)
110 1 _aБългария. Закони и др. п.
_9243213
139 _aБългария. Закони и др. п.
_bБ 92
245 1 0 _aСемеен кодекс
245 1 0 _aЗакон за наследството
_bСб. нормат. актове : С предишните ред. на текстовете
_c
257 _aBGR
260 София
_bСиела Норма
_c2012
300 _a276 с.
_c20 см
380 _a3
650 4 _aЛично и семейно право - България - законодателни и директивни материали
_9299483
650 4 _aНаследствено право - България - законодателни и директивни материали
_9254028
650 4 _aБългария - обществено управление
_9252379
651 4 _aБългария
_9241624
653 _aСемеен кодекс
653 _aсемейно право
653 _aнаследствено право
653 _aкодекси
653 _aзакони
659 _aН
852 _aЦб 258680
856 4 _qpdf
_u
856 4 _qpdf
_u
942 _cKNG
_n0
_04
944 _aCR
_c08.03.2013
_lф /
_kЛюдмила_Стоянова
944 _aED
_c17.07.2015
_lф /
_kЛюдмила_Стоянова
999 _c134575
_d134575